| 000 | 00536nam a2200205 a 4500 | ||
|---|---|---|---|
| 001 | BRCA_5864 | ||
| 005 | 20190320205237.0 | ||
| 008 | 160311t1935----gw-ao#####---#000-0#GER-# | ||
| 041 | _ager | ||
| 044 | _agw | ||
| 050 | 4 |
_aTR650 _b.P47 _c1935 |
|
| 100 | 1 |
_aPerson, Alfred. _914850 |
|
| 245 | 1 | 0 | _aBildmäissige Leica-photos Durch tontrennung. |
| 260 |
_aFrankfurt _bH. Bechhold _c1935 |
||
| 300 |
_a40 p. _bils., 41 láminas. _c28 cm. |
||
| 500 | _aH115 | ||
| 650 | 1 | 4 |
_aFotografía artística. _92547 |
| 902 | _aGFM | ||
| 942 |
_2lcc _cB |
||
| 999 |
_c5553 _d5553 |
||